00262nam a2200109Ia 4500008004100000100001900041245003500060260002200095650001300117942000700130999001500137190216s9999||||xx |||||||||||||| ||und|| aDeinkar Payare 0aLaw And Practice Of Income Tax bSulthan Chand &co aCommerce cBK c8310d8310